| 000 | 01097nac a22003257a 4500 | ||
|---|---|---|---|
| 001 | BR8301798 | ||
| 003 | BR-BrBNA | ||
| 005 | 20240105115643.0 | ||
| 008 | 230509b bl.|||m| |||| 00| 0 por d | ||
| 040 |
_aBR-BrBNA _bpor _cBiblioteca Nacional de Agricultura |
||
| 072 | _aL50 | ||
| 090 | _a5212 BR8301798 | ||
| 100 | 1 | _aPinheiro, J.G. | |
| 100 | 1 | _aRibeiro, A. das G.P. | |
| 100 | 1 | _aNascimento, M.D. do | |
| 110 | 1 | _aEmpresa de Pesquisa Agropecuaria do Estado do Rio de Janeiro, Niteroi (Brasil) | |
| 245 | 1 | _aProteinas totais plasmaticas e fibrinogenio em bezerros de pre-ano - municipio de Cantagalo - Rio de Janeiro [Brasil] | |
| 260 | 3 |
_aNiteroi, RJ (Brasil): _c1983. |
|
| 300 | _a2 p. | ||
| 490 |
_aComunicado Tecnico - Empresa de Pesquisa Agropecuaria do Estado do Rio de Janeiro (Brazil) _vno. 127 _xISSN 0100-896X |
||
| 650 | _aBEZERRO | ||
| 650 | _aPROTEINA | ||
| 650 | _aPLASMA | ||
| 650 | _aFIBRINOGENIO | ||
| 650 | _aMETABOLISMO | ||
| 650 | _aCANTAGALO | ||
| 650 | _aRIO DE JANEIRO | ||
| 909 |
_a202312 _bLúcia Elande _c55 _dLúcia Elande |
||
| 942 |
_2AGRIS _n0 _cMS |
||
| 999 |
_c275760 _d275760 |
||